Pokémon - Champions d'Arène - Mélina (DE/PS) - Statistiques

Statistiques générales
  • Ce quiz a été pris 7 fois
  • Le résultat moyen est 101 sur 206
Statistiques - réponses
Hint Réponse % Correct
Type Combat
100%
Type Psy
100%
Charmina
83%
Machopeur
83%
Méditikka
83%
Badge Pavé
83%
Type Plante
83%
CT | Capacités Vampi-Poing
83%
Ville Voilaroc
83%
Niv 27
67%
Niv 30
67%
Type Acier
67%
Braségali
67%
Chapignon
67%
Type Eau
67%
Type Feu
67%
Lucario
67%
Simiabraz
67%
Capacités Balle Graine
50%
Capacités Close Combat
50%
Capacités Coup Bas
50%
Talent Cran
50%
Dracolosse
50%
Type Dragon
50%
Capacités Éboulement
50%
Capacités Exploforce
50%
Capacités Gonflette
50%
Capacités Hydrocanon
50%
Type Insecte
50%
Capacités Lame de Roc
50%
Capacités Laser Glace
50%
Capacités Luminocanon
50%
Capacités Mach Punch
50%
Capacités Pied Voltige
50%
Capacités Psykoud'Boul
50%
Capacités Séisme
50%
Capacités Spore
50%
Capacités Vitesse Extrême
50%
Type Vol
50%
Niv 64
33%
Niv 66
33%
Niv 68
33%
Niv 70
33%
Niv 72
33%
Niv 74
33%
Capacités Acrobatie
33%
Talent Attention
33%
Capacités Aurasphère
33%
Objet Baie Prine
33%
Objet Baie Sitrus
33%
Capacités Balayette
33%
Objet Bandeau Choix
33%
Objet Bandeau Muscle
33%
Capacités Bluff
33%
Capacités Boutefeu
33%
Talent Brasier
33%
Capacités Casse-Brique
33%
Objet Ceinture Force
33%
Capacités Colère
33%
Capacités Coupe Psycho
33%
Capacités Danse Draco
33%
Talent Force Pure
33%
Capacités Forte-Paume
33%
Gallame
33%
Capacités Garde Large
33%
Capacités Griffe Acier
33%
Talent Impassible
33%
Talent Intimidation
33%
Kapoera
33%
Capacités Mégacorne
33%
Objet Mouchoir Choix
33%
Talent Multiécaille
33%
Capacités Nœud Herbe
33%
Capacités Ombre Portée
33%
Capacités Onde Vide
33%
Objet Orbe Vie
33%
Capacités Piège de Roc
33%
Capacités Piétisol
33%
Pingoléon
33%
Capacités Pisto-Poing
33%
Capacités Poing Éclair
33%
Capacités Poing Feu
33%
Capacités Poing Glace
33%
Capacités Poing Météore
33%
Capacités Sabotage
33%
Scarhino
33%
Capacités Surchauffe
33%
Talent Technicien
33%
Capacités Tomberoche
33%
Talent Torrent
33%
Talent Turbo
33%
Capacités Vibraqua
33%
Capacités Vibrobscur
33%
Capacités Abri
17%
Objet Baie Jouca
17%
Objet Ceinture Pro
17%
Talent Cœur Noble
17%
Capacités Façade
17%
Objet Lumargile
17%
Capacités Mur Lumière
17%
Objet Orbe Flamme
17%
Capacités Prévention
17%
Capacités Flash
0%
Capacités Grincement
0%
Objet Grosse Racine
0%
Objet Herbe Blanche
0%
Aucun quiz correspondant
Distribution des résultats
% des personnes avec chaque résultat
Percentile par nombre de réponses
Votre historique - résultats
Vous n’avez pas pris ce quiz